Bijak berfikir : langkah demi langkah

Bibliographic Details
Main Author: DePorter, Bobby
Format: Book
Published: Selangor : PTS ProfessionalSdn. Bhd , 2011
Series:Siri belajar luar daripada biasa
Subjects:

MARC

LEADER 00000cam a2200000 7i4500
001 0000040141
005 20180531.0
008 140312
020 |a 9673691166 
020 |a 9789673691166 
090 0 0 |a 153.42   |b DEP 
100 1 |a DePorter, Bobby 
245 1 0 |a Bijak berfikir :   |b langkah demi langkah   |c Bobby DePorter 
260 |a Selangor :   |b PTS ProfessionalSdn. Bhd ,   |c 2011 
440 |a Siri belajar luar daripada biasa 
650 0 |a Creative thinking 
650 0 |a Thought and thinking 
999 |a 000126863   |b Book   |c Adult Collection   |e Cawangan Bukit Gambir 
999 |a 0001268678   |b Book   |c Adult Collection   |e Cawangan Bandar Penawar 
999 |a 0001268679   |b Book   |c Adult Collection   |e Cawangan Muar 
999 |a 0001268680   |b Book   |c Adult Collection   |e Cawangan Bandar Tenggara 
999 |a 0001268682   |b Book   |c Adult Collection   |e Cawangan Mersing 
999 |a 0001268683   |b Book   |c Adult Collection   |e Cawangan Bukit Gambir 
999 |a 0001268684   |b Book   |c Adult Collection   |e Cawangan Kota Tinggi 
999 |a 0001268685   |b Book   |c Adult Collection   |e Cawangan Segamat 
999 |a 0001268687   |b Book   |c Adult Collection   |e Cawangan Pontian 
999 |a 0001268688   |b Book   |c Adult Collection   |e Cawangan Tmn. Ungku Tun Aminah 
999 |a 0001279161   |b Book   |c Adult Collection   |e Perbadanan Perpustakaan Awam Johor